Become a top consultant : how the experts do it

Bibliographic Details
Main Author: Tepper, Ron
Format: Book
Published: New Jersey : John Wiley & Sons , 1985
Subjects:

MARC

LEADER 00000cam a2200000 7i4500
001 0000011181
005 20220531.0
020 |a 0471859389 (pbk) 
040 |a INS 
090 0 0 |a HD69.C6   |b T46 1985 
100 1 |a Tepper, Ron 
245 1 0 |a Become a top consultant :   |b how the experts do it   |c Ron Tepper 
260 |a New Jersey :   |b John Wiley & Sons ,   |c 1985 
300 |a xx, 243p. :   |b ill. ;   |c 23cm. 
500 |a Includes index 
650 0 |a Business consultants   |x case studies 
999 |a 0000008417   |b BOOK   |c Open Shelf   |e Default branch 
999 |a 0000011555   |b BOOK   |c Open Shelf   |e Default branch 
999 |a 0000011842   |b BOOK   |c Open Shelf   |e Default branch